| 000 | 01005nam a2200325 4500 | ||
|---|---|---|---|
| 003 | OSt | ||
| 005 | 20250409145630.0 | ||
| 008 | 250409b |||||||| |||| 00| 0 eng d | ||
| 020 | _a9780393680393 | ||
| 040 |
_aNUST _beng _cNUST _dNUST _erda |
||
| 050 | _aQH581.2 ALB | ||
| 100 |
_aBruce Albert. _eAuthor. |
||
| 245 |
_aEssential Cell Biology. _cBruce Albert. |
||
| 250 | _aFifth edition | ||
| 260 |
_aCanada, _bNorton, _c2019. |
||
| 300 |
_axxxii,734 pages: _billustrations; _c28 cm. |
||
| 336 |
_2rdamedia _atext _btxt |
||
| 337 |
_2rdamedia _aunmediated _bn |
||
| 338 |
_2rdamedia _avolume _bnc |
||
| 504 | _awith Answers, Glossary and Index, | ||
| 650 | _2Physiology | ||
| 650 | _2Cell Biology | ||
| 700 |
_aKaren Hopkin _eAuthor |
||
| 700 |
_aAlexander Johnson _eAuthor |
||
| 700 |
_aDavid Morgan _eAuthor |
||
| 700 |
_aMartin Raff _eAuthor |
||
| 700 |
_aKeith Roberts _eAuthor |
||
| 700 |
_aPeter Walter _eAuthor |
||
| 942 |
_2lcc _cBOOKS _eFifth Edition _hQH581.2 ALB _kQH _mALB _n0 |
||
| 999 |
_c171581 _d171581 |
||